Countries with Highest GDP Growth Rate (2017) - Statistics

General Stats
  • This quiz has been taken 220 times
  • The average score is 6 of 15
Answer Stats
% Country % Correct
6.7 China
88%
6.7 India
86%
7.7 Vietnam
59%
7.9 Bangladesh
53%
7.2 Malaysia
45%
8.5 Ethiopia
42%
6.8 Laos
42%
6.9 Cambodia
39%
6.8 Nepal
36%
7.6 Iraq
32%
27.0 Libya
27%
6.8 Senegal
18%
7.2 Ivory Coast
14%
7.0 Djibouti
12%
7.0 Romania
11%
No matching quizzes found
Score Distribution
Percent of People with Each Score
Percentile by Number Answered
Your Score History
You have not taken this quiz